History - One Direction (All Lyrics) - Statistics

General Stats
  • This quiz has been taken 126 times
  • The average score is 305 of 348
Answer Stats
Lyrics % Correct
Go,
99%
Go
99%
Me
99%
The
99%
You
99%
You,
99%
A
97%
And
97%
Be
97%
Got
97%
History
97%
That
97%
We
97%
We?
97%
I
96%
World
96%
Ever
95%
Greatest
95%
Of
95%
Seen
95%
This
95%
Can
93%
Lot
93%
Has
92%
Whole
92%
It
90%
It,
90%
On
90%
My
89%
No,
89%
Do
88%
Don't
88%
Know
88%
To
88%
Were
86%
All
85%
I'm
85%
In
85%
So
85%
Live
84%
Make
84%
They
84%
What
84%
Could
82%
Forever
82%
Is
82%
Let
82%
Gotta
81%
Mind
81%
Team
81%
Help
79%
Going
78%
Losing
78%
Out
78%
Out,
78%
Some
78%
Strong
78%
Thought
78%
But
77%
Holding
77%
Not
77%
School
77%
Teach
77%
Just
75%
Aren't
74%
Behind
74%
End
74%
Hotel
73%
More
73%
Hearts
71%
New
71%
Now
71%
Tattoos
71%
Alive
68%
Breaking
68%
'Cause
68%
Leave
68%
Rooms
68%
Cars
66%
Fights
66%
Lie
66%
Wanna
66%
Expensive
64%
Feeling
64%
Truth
64%
Good
63%
Life
63%
Here,
60%
Keep
60%
Planes
60%
Realise
60%
Way
59%
Find
58%
Private
58%
Without
58%
Always
55%
Anything
53%
Getting
53%
Mean
53%
Champagne
52%
Rumours,
51%
Baby
45%
Minibars,
44%
No matching quizzes found
Score Distribution
Percent of People with Each Score
Percentile by Number Answered
Your Score History
You have not taken this quiz